1082 1204 1388 1412 1855 1165 1751 1665 1549 1858 1242 2000 1767 1185 1440 1271 1090 1777 1933 1610 1597 1860 1170 1591 1025 1952 1607 1347 1961 1436 1497 1924 1183 1066 1888 1905 1451 1834 1289 1340 1873 1583 1243 1852 1464 1604 1997 1548 1227 1296 1290 1600 1965 1362 1857 1568 1995 1207 1082 1441 1348 1507 1572 1524 1669 1915 1021 1701 1948 1239 1765 1534 1959 1997 1801 1587 1481 1493 1148 1854 1837 1777 1281 1844 1540 1033 1891 1064 1308 1891 1497 1257 1571 1032 1767 1536 1653 1461 1791 BCNSPRNW ULIB Ver.6.0+V

เปลี่ยนเป็นภาษาไทย

Change to English
 แสดงรายละเอียดบรรณานุกรม
  กลับหน้าหลัก

Brief Record : Get Marc (ISO 2709) : E-mail record : QR code < ปิดหน้าต่าง
LEADER : 00000nam 2200000uu 4500
001    13399128097
003     ULIB
008    220526s2563||||th 000 0 tha d
020    ^a9786164881143
060  4 ^aWB115^bร87^cล.1
245 00 ^aโรคทางอายุรศาสตร์ที่พบบ่อย เล่ม 1 /^cหทัยวรรณ รัตนบรรเจิดกุล ... [และคนอื่น ๆ]
250    ^aพิมพ์ครั้งที่ 1
260    ^aกรุงเทพฯ :^bกรุงเทพเวชสาร,^c2563
300    ^a416 หน้า :^bภาพประกอบ; ^c21 ซม.
650  7 ^aโรคอายุรศาสตร์
650  7 ^aอายุรศาสตร์
700 0  ^aหทัยวรรณ รัตนบรรเจิดกุล,^eบรรณาธิการ
700 0  ^aภานุช เอี่ยมประภาพร,^eบรรณาธิการ
700 0  ^aวศิเทพ ลิ้มวรพิทักษ์,^eบรรณาธิการ
700 0  ^aณรงค์กร ซ้ายโพธิ์กลาง,^eบรรณาธิการ
710    ^aมหาวิทยาลัยธรรมศาสตร์ ^bคณะแพทยศาสตร์ ภาควิชาอายุรศาสตร์
945    ^p400^l0^i008800
999    ^aประนอม เกษจรัล
รายการนี้ยังไม่มีแท็ก
คุณยังไม่ได้ล็อกอิน คุณสามารถมีกิจกรรมร่วมกับเว็บไซต์ได้ แต่ต้องล็อกอินก่อน ::
  ล็อกอิน

รายการสื่อสารสนเทศ

ลำดับที่ ประเภท เลขเรียก/บาร์โค้ด สถานที่ สถานะ
1. วิทยาศาสตร์การแพทย์ และสุขภาพ
หนังสือสำรอง
สถานะ=หนังสือสำรอง
WB115 ร87 ล.1 ฉ.1 
  Barcode: 008800
ห้องสมุดวิทยาเขตสวรรค์ประชารักษ์
►หนังสือทั่วไป
บนชั้น

รายการใกล้เคียง
    หัวเรื่อง [โรคอายุรศาสตร์]
    หัวเรื่อง [อายุรศาสตร์]

BibComment


ยังไม่เคยถูกคอมเมนท์

คอมเมนท์ทรัพยากรรายการนี้
  คอมเมนท์: โรคทางอายุรศาสตร..


 Copyright 2026. Bcnsprnw @Library